| 000 | 00334nam a2200121Ia 4500 | ||
|---|---|---|---|
| 008 | 220204s9999 xx 000 0 und d | ||
| 082 |
_a641.4 (540) _bKHU |
||
| 100 | _aKhusro, A M | ||
| 245 | 0 | _aBuffer stocks and storage of foodgrains in India | |
| 260 |
_aBombay _bTata McGraw Hill _c1973 |
||
| 650 | _aFoodgrain storage | ||
| 942 | _cBK | ||
| 999 |
_c24061 _d24061 |
||